000 00806pam a2200265 a 4500
999 _c2888
_d2888
001 015948016
003 UkOxU
005 20230911075236.0
008 020225r20011959enka 000 0 eng d
015 _aGB A1-Y1312
020 _a0413762408
020 _a9780413762405
035 _aBNB2681.1302
040 _aBDS
_cKH8
082 0 _a812.54 HAN
_221
100 1 _aHansberry, Lorraine,
_d1930-1965,
_eauthor.
245 1 2 _aA raisin in the sun /
_cLorraine Hansberry.
260 _aLondon :
_bMethuen,
_c2001.
300 _a114 p. :
_bill. ;
_c20 cm.
500 _aOriginally published: New York : Random House, 1959.
650 0 _aEquality
_zIllinois
_zChicago
_vDrama.
650 0 _aAfrican Americans
_zIllinois
_zChicago
_vDrama.
651 0 _aChicago (Ill.)
_xRace relations
_vDrama.
942 _2ddc
_cTR